Plan de negocios Proyecto Hidroeléctrico La Paz
محفوظ في:
| المؤلف الرئيسي: | |
|---|---|
| مؤلفون آخرون: | |
| التنسيق: | كتاب |
| منشور في: |
San José, Costa Rica
1991
|
| الموضوعات: | |
| الوسوم: |
إضافة وسم
لا توجد وسوم, كن أول من يضع وسما على هذه التسجيلة!
|
MARC
| LEADER | 00000nam a2200000Ia 4500 | ||
|---|---|---|---|
| 003 | 005163 | ||
| 005 | 20231117113626.0 | ||
| 008 | 140114s1991 cr a m 000 ||s d | ||
| 040 | |c cru CEDI | ||
| 090 | |a TFG 2465 | ||
| 100 | |a Silman Winstanley, Farid |9 12784 | ||
| 245 | |a Plan de negocios Proyecto Hidroeléctrico La Paz | ||
| 260 | |a San José, Costa Rica |c 1991 | ||
| 300 | |a xiv, 109, [100] hojas : ilustraciones ; 28 cm | ||
| 500 | |a Proyecto de graduación (licenciatura en ingeniería eléctrica)--Universidad de Costa Rica. Facultad de Ingeniería. Escuela de Ingeniería Eléctrica | ||
| 501 | |a Profesor Guía: Eduardo Doryan G | ||
| 650 | |x ENERGIA HIDRAULICA |x COSTA RICA |9 6970 | ||
| 700 | |a Doryan G, Eduardo |d Director del TFG |9 1780 | ||
| 942 | |c TFG |h TFG 2465 |i 005163 |6 TFG_2465_005163000000000 | ||
| 999 | |c 20246 |d 20246 | ||
